000 00608nam a22001697a 4500
005 20251108174734.0
008 250721s2008 xx 000 0 ara d
082 1 4 _a217.2/حما
100 1 _aالحمادي، أبي عبدالله محمد عبدالله
245 1 0 _aمسائل العقيدة الت قررها الأئمة المالكية /
264 1 _aعمان :
_bالدار الأثرية للطباعة و النشر و التوزيع،
_c2008.
300 _a440ص.
650 1 7 _aالعقيده الدينيه
650 1 7 _aالفقه المالكي
942 _2ddc
_cBK
999 _c116797
_d116797